000 00503nam a2200193 a 4500
001 1766566526735
003 YourLibrary
005 20251226115017.0
008 251224s2010##################000#0#eng##
020 _a9781848851870
082 0 4 _a270.2092
_bBUR
100 1 _aBury, J. B.,
_eauthor.
245 1 0 _aSt Patrick :
260 _bTauris Parke Paperbacks,
_c2010.
300 _a228 pages
650 0 _aBiography & Autobiography.
942 _cENGLISH
040 _aYourLibrary
_beng
_cYourLibrary
999 _c604588
_d604588